000 00917nam a2200253 i 4500
001 106094
003 ES-MaACL
005 20250815082418.0
007 t|
008 060926s1954 sp |||| | spa d
080 _a338(460)"1939/1961"
100 1 _aPérez Urruti, Manuel.
_eaut
_991188
245 1 3 _aLa coyuntura actual de la producción española /
_cManuel Pérez Urruti.
260 _aMadrid :
_bAguilar,
_c[1954]
300 _aXV, 217 p. ;
_c19 cm.
490 1 _aBiblioteca de ciencias sociales. Economía
651 4 _aEspaña-
_xSituación económica-
_y1939-1955.
_9167677
830 1 0 _aBiblioteca de ciencias sociales (Aguilar).
_pEconomía
_9181705
852 _aES-MaACL
_cDEPO2
_hBiblioteca Juan Andrade
_jAND-794
_9110111
852 _aES-MaACL
_bR.35901
_cSPAL
_jC-6940/Ej.1
_9124565
903 _921511
_aAndrade, Juan,
_d1897-1981
_ednr
_q1
942 _2udc
999 _c106094
_d106094